000 01462cam a2200385 i 4500
001 15490591
003 EG-ScBUE
005 20230329104129.0
008 081020t2009 maua f bd 001 0 eng d
020 _a9780240810829 (pbk. : alk. paper)
020 _a0240810821 (pbk. : alk. paper)
040 _aDLC
_beng
_erda
_cDLC
_dBTCTA
_dYDXCP
_dC#P
_dBWX
_dCDX
_dDLC
_dEG-ScBUE
082 0 4 _a791.430232
_222
_bMUS
100 1 _aMusburger, Robert B.,
_eauthor.
_938683
245 1 0 _aIntroduction to media production :
_bthe path to digital media production /
_cRobert B. Musburger, Gorham Kindem.
250 _aFourth edition.
264 1 _aBurlington ;
_aOxford :
_bFocal Press / Elsevier,
_c[2009]
264 4 _cc2009
300 _axxi, 509 pages :
_billustrations (some color) ;
_c26 cm
336 _2rdacontent
_atext
_btxt
337 _2rdamedia
_aunmediated
_bn
338 _2rdacarrier
_avolume
_bnc
500 _aIncludes glossary.
500 _aPrevious editions entered under Gorham Kindem.
504 _aIncludes bibliographical references and index.
650 7 _aMotion pictures
_xProduction and direction.
_2BUEsh
_939027
650 7 _aTelevision
_xProduction and direction.
_2BUEsh
_939028
650 7 _aAnalog electronic systems.
_2BUEsh
_939029
650 7 _aDigital electronics.
_2BUEsh
651 _2BUEsh
653 _bCOMAME
_cJuly2015
_cJanuary2016
655 _vReading book
700 1 _aKindem, Gorham Anders,
_eauthor.
942 _2ddc
_cBB
999 _c20342
_d20314